[Event "Ortisei Server24 op 4th"]
[Site "Ortisei"]
[Date "2018.06.18"]
[Round "3"]
[White "Panjkovic, Aleksandar"]
[Black "Dittmar, Peter"]
[Result "1/2-1/2"]
[WhiteElo "2126"]
[BlackElo "2252"]
[PlyCount "94"]
[EventDate "2018.06.16"]
[EventType "tourn"]
[EventRounds "9"]
[EventCountry "ITA"]
[SourceTitle "CBM 185 Extra"]
[Source "ChessBase"]
[SourceDate "2018.07.29"]
[SourceVersion "1"]
[SourceVersionDate "2018.07.29"]
[SourceQuality "1"]

1. Nf3 d5 2. d3 Nc6 3. c3 g6 4. Nbd2 Bg7 5. e4 e5 6. Be2 Nge7 7. Qc2 a5 8. a4 0-0 9. 0-0 h6 10. Re1 Re8 11. exd5 Qxd5 12. Nc4 Be6 13. Nfd2 f5 14. Na3 Qd7 15. Nb5 Kh7 16. b3 Nd5 17. Nc4 Bf7 18. Bd2 Re7 19. Rad1 Qe8 20. Bc1 Qg8 21. Bf3 Rd7 22. g3 Rad8 23. Ba3 Bf6 24. Bg2 h5 25. Bc5 Qg7 26. Bf1 Kh8 27. Bg2 Bg8 28. Ba3 Nde7 29. Bxe7 Rxe7 30. Bxc6 bxc6 31. Na7 Bd5 32. Nxa5 Re6 33. Qe2 Ra8 34. c4 Rxa7 35. cxd5 cxd5 36. b4 c5 37. Qd2 cxb4 38. Qxb4 Rea6 39. Nb3 Rxa4 40. Qb8+ Kh7 41. Nc5 R4a5 42. Rc1 Qc7 43. Qxc7+ Rxc7 44. Ne4 Rxc1 45. Nxf6+ Kg7 46. Nxh5+ gxh5 47. Rxc1 d4 1/2-1/2

[Event "Ortisei Server24 op 4th"]
[Site "Ortisei"]
[Date "2018.06.16"]
[Round "1"]
[White "Panjkovic, Aleksandar"]
[Black "Gholami, Aryan"]
[Result "0-1"]
[WhiteElo "2126"]
[BlackElo "2490"]
[PlyCount "88"]
[EventDate "2018.06.16"]
[EventType "tourn"]
[EventRounds "9"]
[EventCountry "ITA"]
[SourceTitle "CBM 185 Extra"]
[Source "ChessBase"]
[SourceDate "2018.07.29"]
[SourceVersion "1"]
[SourceVersionDate "2018.07.29"]
[SourceQuality "1"]

1. Nf3 g6 2. d3 Bg7 3. e4 c5 4. c3 d5 5. Be2 Nc6 6. 0-0 e5 7. a3 Nf6 8. Nbd2 0-0 9. b4 Qe7 10. Re1 Rd8 11. Qc2 b6 12. Bf1 d4 13. cxd4 Nxd4 14. Nxd4 cxd4 15. Nb3 Bd7 16. Bd2 Ba4 17. Qb2 Ne8 18. Be2 Nd6 19. Bd1 Rac8 20. Nc1 Qd7 21. Bb3 Qb5 22. Na2 Qxd3 23. Bxa4 Nc4 24. Qb3 Qxd2 25. Bb5 Nd6 26. Re2 Qf4 27. Bd3 b5 28. a4 a6 29. Rae1 Bh6 30. Rc2 Rxc2 31. Bxc2 Rc8 32. Re2 bxa4 33. Qd5 Nb5 34. Qb7 Rc7 35. Qb8+ Kg7 36. g3 Qf3 37. Bd1 Qd3 38. Bxa4 Qxe2 39. Bxb5 axb5 40. Qxc7 Qxa2 41. Qxe5+ Kg8 42. Qxd4 Qc4 43. Qd6 Bf8 44. Qd7 Qxb4 0-1

[Event "Arco op-A 39th"]
[Site "Arco"]
[Date "2017.10.12"]
[Round "6"]
[White "Passerotti, Pierluigi"]
[Black "Panjkovic, Aleksandar"]
[Result "1/2-1/2"]
[WhiteElo "2210"]
[BlackElo "2130"]
[PlyCount "73"]
[EventDate "2017.10.07"]
[EventType "swiss"]
[EventRounds "9"]
[EventCountry "ITA"]
[SourceTitle "CBM 181 Extra"]
[Source "ChessBase"]
[SourceDate "2017.12.12"]
[SourceVersion "1"]
[SourceVersionDate "2017.12.12"]
[SourceQuality "1"]

1. e4 d6 2. Nf3 Nf6 3. Nc3 g6 4. d4 Bg7 5. Be3 a6 6. Bd3 b5 7. Ne2 Bb7 8. Ng3 Nbd7 9. c3 c5 10. 0-0 0-0 11. Re1 Qc7 12. h3 e5 13. Rc1 Rfe8 14. d5 c4 15. Bc2 h6 16. Qd2 Kh7 17. Nh2 Bc8 18. Ng4 Ng8 19. Qe2 Ndf6 20. Kh2 Qe7 21. f3 h5 22. Nxf6+ Qxf6 23. Nf1 h4 24. a4 Bd7 25. Ra1 Bh6 26. Bxh6 Nxh6 27. Ra2 Reb8 28. Rea1 Qd8 29. axb5 axb5 30. Qf2 g5 31. Ra7 Kg6 32. R1a6 Be8 33. Rxa8 Rxa8 34. Rxa8 Qxa8 35. Qb6 f6 36. Ne3 Nf7 37. Nd1 1/2-1/2

[Event "Arco op-A 39th"]
[Site "Arco"]
[Date "2017.10.09"]
[Round "3"]
[White "Panjkovic, Aleksandar"]
[Black "Luciani, Carlo"]
[Result "1-0"]
[WhiteElo "2130"]
[BlackElo "2261"]
[PlyCount "89"]
[EventDate "2017.10.07"]
[EventType "swiss"]
[EventRounds "9"]
[EventCountry "ITA"]
[SourceTitle "CBM 181 Extra"]
[Source "ChessBase"]
[SourceDate "2017.12.12"]
[SourceVersion "1"]
[SourceVersionDate "2017.12.12"]
[SourceQuality "1"]

1. c4 Nf6 2. g3 g6 3. Bg2 Bg7 4. Nc3 d6 5. e4 0-0 6. Nge2 e5 7. 0-0 Be6 8. d3 Qd7 9. Nd5 Ne8 10. Rb1 c6 11. Ne3 Bh3 12. b4 Bxg2 13. Kxg2 f5 14. exf5 gxf5 15. f4 Na6 16. Qb3 Kh8 17. Bb2 c5 18. a3 Nec7 19. b5 Nb8 20. Nc3 Ne6 21. Ne2 Nd4 22. Bxd4 cxd4 23. Nd5 b6 24. Ng1 Qb7 25. Qb4 Nd7 26. Qxd6 e4 27. Qc6 Rab8 28. Nh3 Nc5 29. dxe4 fxe4 30. f5 Rfc8 31. Qxb7 Rxb7 32. f6 Bf8 33. Rf4 d3 34. Rh4 Rd8 35. Ng5 Rxd5 36. cxd5 e3 37. Ne6 Rf7 38. Rd4 d2 39. Kf3 Bh6 40. Nf4 Bxf4 41. gxf4 Rxf6 42. Kxe3 Rh6 43. d6 Rh3+ 44. Kxd2 Rxh2+ 45. Ke3 1-0

[Event "Arco op-A 39th"]
[Site "Arco"]
[Date "2017.10.07"]
[Round "1"]
[White "Nanni, Sergio"]
[Black "Panjkovic, Aleksandar"]
[Result "0-1"]
[WhiteElo "1726"]
[BlackElo "2130"]
[PlyCount "84"]
[EventDate "2017.10.07"]
[EventType "swiss"]
[EventRounds "9"]
[EventCountry "ITA"]
[SourceTitle "CBM 181 Extra"]
[Source "ChessBase"]
[SourceDate "2017.12.12"]
[SourceVersion "1"]
[SourceVersionDate "2017.12.12"]
[SourceQuality "1"]

1. e4 d6 2. d4 g6 3. Nc3 Bg7 4. Be2 a6 5. a4 b6 6. Nf3 Bb7 7. 0-0 Nd7 8. Bf4 Ngf6 9. Qd3 0-0 10. h3 Nh5 11. Be3 e6 12. Rad1 Qe7 13. Nh2 Nhf6 14. f4 d5 15. e5 Ne4 16. Bf2 c5 17. Bf3 cxd4 18. Nxe4 dxe4 19. Qxd4 Rfd8 20. Be2 Rac8 21. Rc1 a5 22. Ng4 h5 23. Nh2 Nc5 24. Qe3 Nxa4 25. Qb3 Qb4 26. Qa2 Bd5 27. c4 Bc6 28. Be1 Qxb2 29. Qxb2 Nxb2 30. Rb1 Na4 31. Bf2 Nc3 32. Rb2 Nxe2+ 33. Rxe2 b5 34. Bb6 Rd3 35. Bxa5 bxc4 36. Rc1 Bd5 37. Nf1 Bf8 38. Nd2 Bc5+ 39. Kf1 Be3 40. Rc2 c3 41. Nb1 Rd1+ 42. Re1 Bc4+ 0-1

[Event "Titled Tuesday intern op 5th Sept"]
[Site "Chess.com INT"]
[Date "2017.09.05"]
[Round "2"]
[White "Panjkovic, Aleksandar"]
[Black "Bakr, Hapez"]
[Result "0-1"]
[WhiteElo "2130"]
[BlackElo "1870"]
[PlyCount "88"]
[EventDate "2017.09.05"]
[EventType "swiss (blitz)"]
[EventRounds "10"]
[EventCountry "USA"]
[SourceTitle "EXT 2021"]
[Source "ChessBase"]
[SourceDate "2020.10.23"]
[SourceVersion "1"]
[SourceVersionDate "2020.10.23"]
[SourceQuality "1"]

1. c4 f5 2. g3 Nf6 3. Bg2 d6 4. Nc3 e5 5. d3 c6 6. e4 Be7 7. Nge2 0-0 8. 0-0 fxe4 9. dxe4 Kh8 10. h3 Be6 11. b3 Qd7 12. Kh2 Na6 13. Be3 b6 14. Qd2 Rad8 15. Rad1 Nc7 16. f4 exf4 17. Nxf4 Bf7 18. Bd4 Ne6 19. Be3 Qc7 20. Qe2 Rfe8 21. Rd2 Bf8 22. Rfd1 Ng5 23. Ng6+ Bxg6 24. Bxg5 Rd7 25. Bxf6 gxf6 26. Qf2 Bg7 27. Ne2 Rf8 28. Nf4 Bf7 29. Qe3 Qd8 30. Qc3 Qe7 31. Qe3 f5 32. Qe2 Rdd8 33. exf5 Qg5 34. Rxd6 Rxd6 35. Rxd6 Qxf5 36. Qe7 Re8 37. Qxa7 Be5 38. Rd7 Rf8 39. Ne2 c5 40. Ng1 Qf2 41. Nf3 Bxg3+ 42. Kh1 Qe3 43. Re7 Qc1+ 44. Ng1 Bf2 0-1

[Event "Titled Tuesday intern op 1st Aug"]
[Site "Chess.com INT"]
[Date "2017.08.01"]
[Round "7"]
[White "Lagumina, Giulio"]
[Black "Panjkovic, Aleksandar"]
[Result "0-1"]
[WhiteElo "2241"]
[BlackElo "2130"]
[PlyCount "52"]
[EventDate "2017.08.01"]
[EventType "swiss (blitz)"]
[EventRounds "10"]
[EventCountry "USA"]
[SourceTitle "EXT 2021"]
[Source "ChessBase"]
[SourceDate "2020.10.23"]
[SourceVersion "1"]
[SourceVersionDate "2020.10.23"]
[SourceQuality "1"]

1. e4 d6 2. d4 Nf6 3. Nc3 g6 4. f4 Bg7 5. Nf3 0-0 6. e5 Nfd7 7. Bc4 Nb6 8. Bb3 d5 9. 0-0 Bg4 10. h3 Bxf3 11. Qxf3 e6 12. Ne2 N8d7 13. c3 c5 14. Be3 Qe7 15. Ng3 Rac8 16. Bc2 cxd4 17. Bxd4 Nc4 18. Rae1 Nd2 19. Qf2 Nxf1 20. Rxf1 Nc5 21. f5 exf5 22. Nxf5 gxf5 23. Bxf5 Ne4 24. Qf3 Rc6 25. Qg4 Qg5 26. Qe2 Ng3 0-1

[Event "Arco op 37th"]
[Site "Arco"]
[Date "2015.10.18"]
[Round "9"]
[White "De Vita, Gianni"]
[Black "Panjkovic, Aleksandar"]
[Result "1/2-1/2"]
[WhiteElo "2018"]
[BlackElo "2148"]
[PlyCount "25"]
[EventDate "2015.10.10"]
[EventType "swiss"]
[EventRounds "9"]
[EventCountry "ITA"]
[SourceTitle "CBM 168 Extra"]
[Source "ChessBase"]
[SourceDate "2015.10.29"]
[SourceVersion "1"]
[SourceVersionDate "2015.10.29"]
[SourceQuality "1"]

1. e4 d6 2. d4 Nf6 3. Bd3 c5 4. dxc5 Qa5+ 5. Bd2 Qxc5 6. Nc3 a6 7. Nf3 e6 8. Qe2 Be7 9. 0-0 0-0 10. e5 dxe5 11. Nxe5 Nbd7 12. Nxd7 Bxd7 13. Ne4 1/2-1/2

[Event "Arco Christmas op 5th"]
[Site "Arco"]
[Date "2014.12.29"]
[Round "6"]
[White "Panjkovic, Aleksandar"]
[Black "Trauth, Michael"]
[Result "1/2-1/2"]
[WhiteElo "2133"]
[BlackElo "2175"]
[PlyCount "166"]
[EventDate "2014.12.26"]
[EventType "swiss"]
[EventRounds "7"]
[EventCountry "ITA"]
[SourceTitle "CBM 164 Extra"]
[Source "ChessBase"]
[SourceDate "2015.03.02"]
[SourceVersion "1"]
[SourceVersionDate "2015.03.02"]
[SourceQuality "1"]

1. c4 c5 2. g3 g6 3. Bg2 Bg7 4. Nc3 Nc6 5. e4 d6 6. Nge2 h5 7. h3 Bd7 8. d3 Qc8 9. Be3 Nf6 10. b3 a6 11. d4 cxd4 12. Nxd4 Rb8 13. Rc1 0-0 14. Nd5 Qd8 15. 0-0 Be8 16. Qd2 e6 17. Nxf6+ Bxf6 18. Rfd1 Ne7 19. Bh6 Bg7 20. Bxg7 Kxg7 21. Ne2 Bc6 22. Qxd6 Qxd6 23. Rxd6 e5 24. Nc3 Rbe8 25. Rcd1 Nc8 26. R6d2 Nb6 27. Nd5 Nd7 28. Nb4 Nb8 29. h4 a5 30. Nd5 Nd7 31. Nc7 Re7 32. Nd5 Ree8 33. Rb1 Nc5 34. a3 Ne6 35. b4 axb4 36. axb4 Nd4 37. Nb6 Re6 38. b5 Bxe4 39. Bxe4 Rxb6 40. c5 Rxb5 41. Rxb5 Nxb5 42. Bxb7 Nd4 43. Rb2 Re8 44. Rb6 Re7 45. Bd5 Rd7 46. Rd6 Rxd6 47. cxd6 Kf8 48. d7 Ke7 49. Bxf7 g5 50. hxg5 Nf3+ 51. Kg2 Nxg5 52. Be8 Ne4 53. f3 Ng5 54. Kf2 Nh7 55. Ke2 Nf6 56. Ke3 Nxd7 57. Bxh5 Kf6 58. Kd3 Nc5+ 59. Kc4 Ne6 60. Kd5 Ng5 61. Bg4 Nf7 62. Kc6 Ng5 63. Kd7 Nf7 64. Bh5 Ng5 65. Bg4 Nf7 66. Be6 Ng5 67. Bd5 Nh3 68. Kd6 Ng5 69. Be4 Nh3 70. Kd5 Ng1 71. Kc4 Ne2 72. g4 Nf4 73. Kc5 Ne6+ 74. Kd6 Ng5 75. Kd7 Ne6 76. Ke8 Ng5 77. Bd5 Nh3 78. Kf8 Kg5 79. Kf7 Kf4 80. Kf6 Ng5 81. Be4 Nxf3 82. Bxf3 Kxf3 83. Kxe5 Kxg4 1/2-1/2

[Event "Arco Christmas op 5th"]
[Site "Arco"]
[Date "2014.12.28"]
[Round "4"]
[White "Migliorini, Matteo"]
[Black "Panjkovic, Aleksandar"]
[Result "1-0"]
[WhiteElo "2068"]
[BlackElo "2133"]
[PlyCount "53"]
[EventDate "2014.12.26"]
[EventType "swiss"]
[EventRounds "7"]
[EventCountry "ITA"]
[SourceTitle "CBM 164 Extra"]
[Source "ChessBase"]
[SourceDate "2015.03.02"]
[SourceVersion "1"]
[SourceVersionDate "2015.03.02"]
[SourceQuality "1"]

1. e4 d6 2. d4 g6 3. Nf3 Bg7 4. h3 Nf6 5. Nc3 0-0 6. Be3 a6 7. a4 b6 8. e5 Nfd7 9. e6 fxe6 10. h4 Nf6 11. Bd3 Nc6 12. h5 Nxh5 13. Rxh5 gxh5 14. Ng5 Qe8 15. Bxh7+ Kh8 16. Qd3 Nb4 17. Qe4 d5 18. Qh4 Bf6 19. 0-0-0 Bxg5 20. Qxg5 Kxh7 21. Rh1 Rf5 22. Qh6+ Kg8 23. Rh3 Kf7 24. Rg3 Qg8 25. Rxg8 Kxg8 26. Qg6+ Kh8 27. Bh6 1-0

[Event "Arco Christmas op 4th"]
[Site "Arco"]
[Date "2013.12.27"]
[Round "2"]
[White "Olivetti, Davide"]
[Black "Panjkovic, Aleksandar"]
[Result "1/2-1/2"]
[WhiteElo "1869"]
[BlackElo "2135"]
[PlyCount "71"]
[EventDate "2013.12.26"]
[EventType "swiss"]
[EventRounds "7"]
[EventCountry "ITA"]
[SourceTitle "CBM 158 Extra"]
[Source "ChessBase"]
[SourceDate "2014.02.28"]
[SourceVersion "1"]
[SourceVersionDate "2014.02.28"]
[SourceQuality "1"]

1. e4 c5 2. Nc3 g6 3. f4 Bg7 4. Nf3 Nc6 5. Bc4 e6 6. f5 Nge7 7. fxe6 dxe6 8. 0-0 0-0 9. d3 Na5 10. Bb3 Nec6 11. Bg5 f6 12. Bh4 Nxb3 13. axb3 Nd4 14. e5 Nf5 15. Bxf6 Bxf6 16. exf6 Ne3 17. Qe2 Nxf1 18. Ne4 Nxh2 19. Kxh2 e5 20. Qe3 Bf5 21. Qh6 Qc7 22. Nfg5 Bxe4 23. Ne6 Qf7 24. dxe4 Qxf6 25. Nxf8 Qxf8 26. Qh3 Qf4+ 27. Kh1 Rf8 28. Qd3 Qh4+ 29. Kg1 Qf2+ 30. Kh1 Rf4 31. g3 Rf3 32. Qd8+ Kg7 33. Qe7+ Kh6 34. Qh4+ Kg7 35. Qe7+ Kh6 36. Qh4+ 1/2-1/2

[Event "Condino op 13th"]
[Site "Condino"]
[Date "2013.07.21"]
[Round "1"]
[White "Petragnani, Gian Giacomo"]
[Black "Panjkovic, Aleksandar"]
[Result "1-0"]
[WhiteElo "1733"]
[BlackElo "2163"]
[PlyCount "85"]
[EventDate "2013.07.21"]
[EventType "swiss"]
[EventRounds "7"]
[EventCountry "ITA"]
[SourceTitle "EXT 2015"]
[Source "ChessBase"]
[SourceDate "2014.11.20"]
[SourceVersion "1"]
[SourceVersionDate "2014.11.20"]
[SourceQuality "1"]

1. c4 e5 2. g3 d6 3. Bg2 f5 4. Nc3 c6 5. d4 Be7 6. e3 Nf6 7. Nge2 0-0 8. 0-0 Na6 9. Rb1 Be6 10. d5 Bd7 11. b4 c5 12. b5 Nb8 13. e4 fxe4 14. Nxe4 Nxe4 15. Bxe4 Bh3 16. Bg2 Bf5 17. Rb3 Nd7 18. f3 Nb6 19. g4 Bg6 20. f4 Nxc4 21. Rc3 Nb6 22. Be3 Nd7 23. f5 Bf7 24. Ng3 Qa5 25. Qb3 Nb6 26. g5 c4 27. Qc2 Bxd5 28. f6 Bxg2 29. Bxb6 Qxb6+ 30. Kxg2 gxf6 31. Nf5 Qd8 32. Rh3 Qe8 33. Rxh7 Kxh7 34. Nxe7+ Kg7 35. Nf5+ Kg8 36. Qxc4+ Kh7 37. Qh4+ Kg8 38. Nh6+ Kg7 39. gxf6+ Kg6 40. Rf5 Qd7 41. Qh5+ Kh7 42. Nf7+ Kg8 43. Qg6# 1-0

[Event "Ortisei Server24 op 2nd"]
[Site "Ortisei"]
[Date "2013.06.07"]
[Round "7"]
[White "Roesch, Mario"]
[Black "Panjkovic, Aleksandar"]
[Result "1/2-1/2"]
[WhiteElo "2045"]
[BlackElo "2147"]
[PlyCount "99"]
[EventDate "2013.06.01"]
[EventType "swiss"]
[EventRounds "9"]
[EventCountry "ITA"]
[SourceTitle "CBM 154 Extra"]
[Source "ChessBase"]
[SourceDate "2013.06.25"]
[SourceVersion "2"]
[SourceVersionDate "2013.06.25"]
[SourceQuality "1"]

1. e4 c5 2. Nf3 Nc6 3. Bb5 g6 4. Bxc6 dxc6 5. h3 Bg7 6. d3 Nf6 7. Nbd2 Nd7 8. 0-0 e5 9. a4 b6 10. Nc4 Qe7 11. Rb1 0-0 12. c3 Ba6 13. b4 Bxc4 14. dxc4 Rfd8 15. Qe2 Nf8 16. Bg5 f6 17. Be3 Ne6 18. g3 Rd7 19. b5 cxb5 20. axb5 Nd8 21. Rfd1 Nb7 22. Rd5 Rad8 23. Kg2 h6 24. h4 Nd6 25. Bd2 Qe6 26. Re1 Qg4 27. Bc1 Ne8 28. Red1 Nc7 29. Rxd7 Rxd7 30. Rxd7 Qxd7 31. Qd2 Qxd2 32. Bxd2 Ne8 33. Be3 f5 34. Nd2 Nd6 35. f3 h5 36. Kh3 Kh7 37. g4 hxg4+ 38. fxg4 fxg4+ 39. Kxg4 Bh6 40. Bg5 Kg7 41. Kg3 Nf7 42. Nf3 Bxg5 43. hxg5 Kf8 44. Kf2 Ke7 45. Ke3 Ke6 46. Kd3 Nd6 47. Nh4 Kf7 48. Nf3 Ke6 49. Nh4 Kf7 50. Nf3 1/2-1/2

[Event "Ortisei Server24 op 2nd"]
[Site "Ortisei"]
[Date "2013.06.03"]
[Round "3"]
[White "Panjkovic, Aleksandar"]
[Black "Fierro Baquero, Martha Lorena"]
[Result "0-1"]
[WhiteElo "2147"]
[BlackElo "2364"]
[PlyCount "98"]
[EventDate "2013.06.01"]
[EventType "swiss"]
[EventRounds "9"]
[EventCountry "ITA"]
[SourceTitle "CBM 154 Extra"]
[Source "ChessBase"]
[SourceDate "2013.06.25"]
[SourceVersion "2"]
[SourceVersionDate "2013.06.25"]
[SourceQuality "1"]

1. c4 g6 2. g3 Bg7 3. Bg2 e5 4. Nc3 f5 5. e4 Nf6 6. exf5 gxf5 7. Nd5 0-0 8. Nxf6+ Qxf6 9. Ne2 f4 10. f3 Nc6 11. d3 d6 12. 0-0 Qg6 13. Qb3 a5 14. c5+ Kh8 15. cxd6 Qxd6 16. gxf4 exf4 17. Qa4 Nb4 18. Bd2 Bd7 19. Bxb4 Qb6+ 20. Bc5 Qxc5+ 21. d4 Qd6 22. Qc4 Rae8 23. Rad1 b5 24. Qd3 Re3 25. Qd2 b4 26. Nc1 Rfe8 27. Rf2 Bf5 28. Kh1 Qh6 29. Nb3 Qe6 30. Nc5 Qxa2 31. b3 Qxd2 32. Rfxd2 Re1+ 33. Bf1 Bh3 34. Kg1 Bf6 35. Ne4 Rg8+ 36. Kh1 Bg2+ 37. Rxg2 Rxd1 38. Rxg8+ Kxg8 39. Kg2 Bxd4 40. Bc4+ Kg7 41. h4 h5 42. Ng5 Kf6 43. Ne6 Ke5 44. Nxc7 a4 45. Na6 a3 46. Nxb4 Bc3 47. Bd3 Bxb4 48. Bc2 Rc1 49. Kh2 a2 0-1

[Event "Condino op 12th"]
[Site "Condino"]
[Date "2012.07.22"]
[Round "1"]
[White "Panjkovic, Aleksandar"]
[Black "Menichini, Massimo"]
[Result "1-0"]
[WhiteElo "2163"]
[BlackElo "1776"]
[PlyCount "63"]
[EventDate "2012.07.22"]
[EventType "swiss"]
[EventRounds "7"]
[EventCountry "ITA"]
[SourceTitle "CBM 149 Extra"]
[Source "ChessBase"]
[SourceDate "2012.08.24"]
[SourceVersion "1"]
[SourceVersionDate "2012.08.24"]
[SourceQuality "1"]

1. e4 c5 2. Nc3 e5 3. Nf3 d6 4. Bc4 Be7 5. d3 Nf6 6. Be3 Bg4 7. h3 Bh5 8. g4 Bg6 9. Qd2 Nc6 10. 0-0-0 Qa5 11. Kb1 a6 12. h4 h5 13. g5 Ng4 14. Nd5 Qd8 15. Nh2 Nxe3 16. Nxe3 b5 17. Bd5 Rc8 18. Rdf1 Nb4 19. f4 exf4 20. Rxf4 Nxd5 21. Nxd5 0-0 22. Rhf1 c4 23. Nf3 f6 24. Nd4 Qd7 25. Nb6 Qa7 26. Nxc8 Rxc8 27. Nf5 Bxf5 28. Rxf5 Qd4 29. Rd5 Qb6 30. Qe2 c3 31. Qxh5 Kf8 32. Qh8+ 1-0

[Event "Arco op 33rd"]
[Site "Arco"]
[Date "2011.10.29"]
[Round "8"]
[White "Panjkovic, Aleksandar"]
[Black "Del Monaco, Andrea"]
[Result "1/2-1/2"]
[WhiteElo "2187"]
[BlackElo "2315"]
[PlyCount "86"]
[EventDate "2011.10.22"]
[EventType "swiss"]
[EventRounds "9"]
[EventCountry "ITA"]
[SourceTitle "EXT 2012"]
[Source "ChessBase"]
[SourceDate "2011.11.24"]
[SourceVersion "1"]
[SourceVersionDate "2011.11.24"]
[SourceQuality "1"]

1. c4 Nf6 2. g3 e5 3. Nc3 Nc6 4. Bg2 Bb4 5. Nd5 0-0 6. a3 Bc5 7. e3 d6 8. b4 Bb6 9. Bb2 Nxd5 10. cxd5 Ne7 11. d4 f6 12. Ne2 Bg4 13. 0-0 a5 14. h3 Bd7 15. Kh2 axb4 16. axb4 Rxa1 17. Qxa1 Bb5 18. Re1 Qe8 19. f4 Qh5 20. Ng1 exf4 21. exf4 Qf7 22. Qa2 Nf5 23. Be4 g6 24. Nf3 Ne7 25. h4 c6 26. h5 Nxd5 27. hxg6 hxg6 28. Nh4 f5 29. Bxd5 cxd5 30. Nxg6 Bc4 31. Ne7+ Qxe7 32. Rxe7 Bxa2 33. Rxb7 Rc8 34. Kh3 Bd8 35. b5 Bc4 36. Ba3 Be2 37. Bxd6 Bg4+ 38. Kg2 Rc2+ 39. Kg1 Ba5 40. b6 Bd2 41. Re7 Bc3 42. Bc5 Rc1+ 43. Kg2 Rc2+ 1/2-1/2

[Event "Porto San Giorgio op 23rd"]
[Site "Porto San Giorgio"]
[Date "2011.08.28"]
[Round "9"]
[White "Mazzarella, Antonio"]
[Black "Panjkovic, Aleksandar"]
[Result "0-1"]
[WhiteElo "2028"]
[BlackElo "2173"]
[PlyCount "120"]
[EventDate "2011.08.21"]
[EventType "swiss"]
[EventRounds "9"]
[EventCountry "ITA"]
[SourceTitle "CBM 144 Extra"]
[Source "ChessBase"]
[SourceDate "2011.10.28"]
[SourceVersion "1"]
[SourceVersionDate "2011.10.28"]
[SourceQuality "1"]

1. e4 d6 2. d4 Nf6 3. Nc3 g6 4. Be3 c6 5. Qd2 b5 6. a3 Bb7 7. f3 Nbd7 8. Be2 Nb6 9. b3 Qc7 10. Nh3 a6 11. Nf2 c5 12. d5 e6 13. dxe6 fxe6 14. 0-0 0-0-0 15. b4 d5 16. exd5 cxb4 17. Nce4 Nfxd5 18. Bg5 Rd7 19. axb4 Nxb4 20. Qc1 N4d5 21. Rd1 h6 22. Bh4 g5 23. Bg3 Nf4 24. Bf1 Bg7 25. Rxd7 Nxd7 26. Rb1 Nb6 27. c4 bxc4 28. Bxc4 Nxc4 29. Qxc4 Qxc4 30. Nd6+ Kc7 31. Nxc4 Bd4 32. Kf1 Bc6 33. Rc1 Bb5 34. Ke1 Kb7 35. Nd6+ Kb6 36. Bxf4 gxf4 37. Nxb5 axb5 38. Ne4 Ra8 39. Rc2 b4 40. Nd2 Bc3 41. Ke2 Kb5 42. Ne4 Kc4 43. Nd2+ Kd4 44. Nb3+ Kd5 45. Kd3 Ra3 46. Nd2 Bxd2+ 47. Kxd2 Kd4 48. Rc6 Ra2+ 49. Kc1 Rxg2 50. Rxe6 Rxh2 51. Rd6+ Ke3 52. Rb6 Kxf3 53. Rxb4 Kg3 54. Rb6 h5 55. Kd1 h4 56. Ke1 h3 57. Rg6+ Kf3 58. Ra6 Rb2 59. Ra3+ Kg2 60. Ra8 h2 0-1